Top 10 contres NBA - Statistiques

Statistiques générales
  • Ce quiz a été pris 21 fois
  • Le résultat moyen est 5 sur 10
Statistiques - réponses
Nombres de contres Joueur % Correct
3 830 Hakeem Olajuwon
88%
3 020 Tim Duncan
82%
2 732 Shaquille O’Neal
76%
3 189 Kareem Abdul-Jabbar
71%
2 954 David Robinson
65%
3 289 Dikembe Mutombo
59%
2 894 Patrick Ewing
53%
3 064 Mark Eaton
29%
2 361 Robert Parish
12%
2 542 Tree Rollins
6%
Aucun quiz correspondant
Distribution des résultats
% des personnes avec chaque résultat
Percentile par nombre de réponses
Votre historique - résultats
Vous n’avez pas pris ce quiz